00274nam a2200121Ia 4500008004100000082001300041100001400054245002600068250000800094260003400102300000800136650000800144191201s2010 xx 000 0 und d a657bMIM aMITTAL,SN 0aManagement Accounting a1st aN. DelhibShree Mahavirc2010 a397 aBBA